Státní dluh habsburské monarchie v letech 1867-1918

Všeobecná charakteristika obdobia 1867-1918. Emisné typy štátnych pôžičiek Rakúska a Uhorska. Zadlženosť domáca a zahraničná. Prehľad najdôležitejších emisií štátnych dlhov (všeobecný štátny dlh, rakúsky štátny dlh, uhorský štátny dlh). Vojnové dlhy. Financovanie 1. svetovej vojny. Prehľad vojnových...

Descripción completa

Guardado en:
Detalles Bibliográficos
Autor principal: Půlpán, K.
Formato: Capítulo de libro
Lenguaje:checo
Materias:
Etiquetas: Agregar Etiqueta
Sin Etiquetas, Sea el primero en etiquetar este registro!

MARC

LEADER 00000naa a2200000 4500
001 r018225
005 20221205101715.9
041 0 |a cze 
044 |a CZ 
245 1 0 |a Státní dluh habsburské monarchie v letech 1867-1918  |c K. Půlpán 
520 |a Všeobecná charakteristika obdobia 1867-1918. Emisné typy štátnych pôžičiek Rakúska a Uhorska. Zadlženosť domáca a zahraničná. Prehľad najdôležitejších emisií štátnych dlhov (všeobecný štátny dlh, rakúsky štátny dlh, uhorský štátny dlh). Vojnové dlhy. Financovanie 1. svetovej vojny. Prehľad vojnových pôžičiek. Stav vojnových dlhov rakúskych a uhorských. 
610 2 0 |a dlhy štátne 
610 2 0 |a 1867-1918 
610 2 0 |a Rakúsko 
610 2 0 |a Uhorsko 
610 2 0 |a história 
610 2 0 |a pôžičky štátne 
610 2 0 |a zadlženosť zahraničná 
610 2 0 |a zadlženosť vnútorná 
610 2 0 |a emisia 
610 2 0 |a dlhy 
610 2 0 |a vojny 
100 1 |a Půlpán, K.